000 00272nam a2200109Ia 4500
008 200302s9999 xx 000 0 und d
100 _aPhilip Cox & Others
245 _aCox Architects Planners
260 _bImages Publishing Group Ltd.
260 _c2008
300 _a351 P.,
999 _c2880
_d2880